<?xml version="1.0" encoding="UTF-8"?><marc:collection xmlns:marc="http://www.loc.gov/MARC21/slim">
  <marc:record>
    <marc:leader>00000nam##2200000za#4500</marc:leader>
    <marc:controlfield tag="001">9.658520</marc:controlfield>
    <marc:controlfield tag="003">CaOODSP</marc:controlfield>
    <marc:controlfield tag="005">20210615115948</marc:controlfield>
    <marc:controlfield tag="007">ta</marc:controlfield>
    <marc:controlfield tag="008">150407|1996||||xxc|||||     f|0| 0 fre|d</marc:controlfield>
    <marc:datafield tag="020" ind1=" " ind2=" ">
      <marc:subfield code="a">0-660-60022-6</marc:subfield>
    </marc:datafield>
    <marc:datafield tag="040" ind1=" " ind2=" ">
      <marc:subfield code="a">CaOODSP</marc:subfield>
      <marc:subfield code="b">fre</marc:subfield>
    </marc:datafield>
    <marc:datafield tag="041" ind1=" " ind2=" ">
      <marc:subfield code="a">eng</marc:subfield>
    </marc:datafield>
    <marc:datafield tag="041" ind1=" " ind2=" ">
      <marc:subfield code="a">fre</marc:subfield>
    </marc:datafield>
    <marc:datafield tag="043" ind1=" " ind2=" ">
      <marc:subfield code="a">n-cn---</marc:subfield>
    </marc:datafield>
    <marc:datafield tag="086" ind1="1" ind2=" ">
      <marc:subfield code="a">H49-6/1-1996</marc:subfield>
    </marc:datafield>
    <marc:datafield tag="110" ind1="1" ind2=" ">
      <marc:subfield code="a">Canada. </marc:subfield>
      <marc:subfield code="b">Santé Canada.</marc:subfield>
    </marc:datafield>
    <marc:datafield tag="245" ind1="1" ind2="0">
      <marc:subfield code="a">Répartition géographique de l'incidence du cancer au Canada / </marc:subfield>
      <marc:subfield code="c">par N. D. Le et al., Groupe de travail sur la surveillance géographique. </marc:subfield>
    </marc:datafield>
    <marc:datafield tag="246" ind1="1" ind2="4">
      <marc:subfield code="a">Volume 1: Incidence du cancer au Canada</marc:subfield>
    </marc:datafield>
    <marc:datafield tag="260" ind1=" " ind2=" ">
      <marc:subfield code="a">Ottawa - Ontario : </marc:subfield>
      <marc:subfield code="b">Santé Canada </marc:subfield>
      <marc:subfield code="c">1996.</marc:subfield>
    </marc:datafield>
    <marc:datafield tag="300" ind1=" " ind2=" ">
      <marc:subfield code="a">xiii, 158p. : </marc:subfield>
      <marc:subfield code="b">cartes en couleur, références, tableaux ; </marc:subfield>
      <marc:subfield code="c">28 cm. + </marc:subfield>
      <marc:subfield code="e">Répartition géographique del'incidence du cancer au Canada [2 fiches. Microfiche.].</marc:subfield>
    </marc:datafield>
    <marc:datafield tag="500" ind1=" " ind2=" ">
      <marc:subfield code="a">«Le présent ouvrage s'inscrit dans le cadre du projet de Surveillance accrue du cancer, dont l'objet est d'améliorer la capacité des registres du cancer du pays à détecter les changements dans l'incidence du cancer qui sont attribuables à des facteurs environnementaux. Il représente la première étape dans la mise sur pied d'un système de surveillance géographique en fournissant des données corrélant les taux d'incidence du cancer et les régions.»--Introduction. Feuille errata insérée. Données de catalogage avant publication (Canada) imprimées dans cette publication.</marc:subfield>
    </marc:datafield>
    <marc:datafield tag="520" ind1="3" ind2=" ">
      <marc:subfield code="a">Cette série fait partie du projet Surveillance accrue du cancer, dont l'objet est d'améliorer la capacité des registres du cancer du pays à détecter les changements dans l'incidence du cancer qui sont attribuables à des facteurs environnementaux. Elle représente la première étape de la mise sur pied d'un système de surveillance géographique devant fournir des données pour corréler les taux d'incidence du cancer aux régions. Ce volume traite principalement de la répartition et de la variation spatiales de la mortalité par cancer au Canada. L'ouvrage est conçu pour faciliter la détection des régions à haut risque et de toute tendance générale de distribution de la maladie. Des graphiques et des cartes vivantes illustrent les observations. Le volume 1 de "Répartition géographique de l'incidence du cancer au Canada" est de lecture impérative pour les universitaires, les épidémiologistes, les biostatisticiens, les associations de lutte contre le cancer, les actuaires et les spécialistes en assurance désireux d'obtenir des renseignements clairs, pertinents et à jour sur le sujet.</marc:subfield>
    </marc:datafield>
    <marc:datafield tag="546" ind1=" " ind2=" ">
      <marc:subfield code="a">Bilingue</marc:subfield>
    </marc:datafield>
    <marc:datafield tag="563" ind1=" " ind2=" ">
      <marc:subfield code="a">Couverture souple</marc:subfield>
    </marc:datafield>
    <marc:datafield tag="590" ind1=" " ind2=" ">
      <marc:subfield code="a">96-49</marc:subfield>
      <marc:subfield code="b">1996-12-06</marc:subfield>
    </marc:datafield>
    <marc:datafield tag="691" ind1="0" ind2="7">
      <marc:subfield code="a">Cancer</marc:subfield>
      <marc:subfield code="2">gcpds</marc:subfield>
    </marc:datafield>
    <marc:datafield tag="720" ind1="1" ind2=" ">
      <marc:subfield code="a">Le, N. D.</marc:subfield>
    </marc:datafield>
    <marc:datafield tag="791" ind1=" " ind2=" ">
      <marc:subfield code="t">Canadian cancer incidence atlas / </marc:subfield>
      <marc:subfield code="e">eng</marc:subfield>
      <marc:subfield code="w">(CaOODSP)9.658519</marc:subfield>
    </marc:datafield>
  </marc:record>
</marc:collection>
